000 02099cam a22004577a 4500
003 CHAP
005 20220817042736.0
008 971013s1966 r 00010 d
010 _a54152
011 _a55124
035 _a59276
040 _cCHAP
082 _a972.083
_bP7
245 1 4 _aLos Presidentes de México ante la Nación
_b: informes, manifiestos y documentos de 1821 a 1966
260 _aMéxico :
_bCámara de Diputados,
_c1966
300 _a5 v.
_b: láms.
505 _aContenido: v.1 1821 a 1875.-- v.2 1876 a 1911.-- v.3 1912 a 1934.-- v.4 1934 a 1966.-- v.5 Manifiestos y documentos de 1810 a 1966.
590 _aBATCH-UPD
_b10
_c20130110
_lUCH01
_h0818
590 _aBATCH-UPD
_b10
_c20130410
_lUCH01
_h0456
590 _aBATCH-UPD
_b10
_c20130914
_lUCH01
_h1825
590 _aBATCH-UPD
_b10
_c20161124
_lUCH01
_h1710
590 _aCONVERSION
_b10
_c20130109
_lUCH01
_h1329
650 1 4 _aMéxico
_xHistoria.
651 4 _aMéxico
_xPolítica y gobierno.
_976783
710 0 _aMéxico. Cámara de Diputados.
_976872
901 _aBK
942 _cLIBRO
949 _a972.083 P7
_bBC
_cBPA
_d-149825
_eBPA
_fv.4
_h29322
_i59276
_si
949 _a972.083 P7
_bBC
_cBPA
_d-153927
_eBPA
_fv.3 c.2
_i59276
_si
949 _a972.083 P7
_bBC
_cBPA
_d-153928
_eBPA
_fv.3 c.3
_i59276
_si
949 _a972.083 P7
_bBC
_cBPA
_d33724002205751
_eBPA
_fv.2 c.2
_i59276
_si
949 _a972.083 P7
_bBC
_cBPA
_d33724002205793
_eBPA
_fv.1 c.2
_i59276
_si
949 _a972.083 P7
_bBC
_cC
_d33724000655023
_eC
_fv.1
_h29319
_i59276
_si
949 _a972.083 P7
_bBC
_cLIBRO
_d33724000141479
_eLIBRO
_fv.2
_h29320
_i59276
_si
949 _a972.083 P7
_bBC
_cLIBRO
_d33724000141487
_eLIBRO
_fv.3
_h29321
_i59276
_si
949 _a972.083 P7
_bBC
_cLIBRO
_d33724000141495
_eLIBRO
_fv.4 c.2
_h29390
_i59276
_si
949 _a972.083 P7
_bBC
_cLIBRO
_d33724000141503
_eLIBRO
_fv.4 c.3
_h51711
_i59276
_si
949 _a972.083 P7
_bBC
_cLIBRO
_d33724000141511
_eLIBRO
_fv.5
_h29323
_i59276
_si
949 _a972.083 P7
_bBC
_cLIBRO
_d33724000141529
_eLIBRO
_fv.5 c.2
_h29391
_i59276
_si
949 _a972.083 P7
_bBC
_cLIBRO
_d33724000141537
_eLIBRO
_fv.5 c.3
_h51709
_i59276
_si
999 _c54152
_d54152